[Event "Managua Ramirez de Arellano Memorial"]
[Site "Managua"]
[Date "2017.07.29"]
[Round "7"]
[White "Salazar Cabezas, Alberto Javier"]
[Black "Robles Carballo, Silvio Jose"]
[Result "1-0"]
[WhiteElo "1839"]
[BlackElo "1414"]
[PlyCount "81"]
[EventDate "2017.07.15"]
[EventType "swiss"]
[EventRounds "9"]
[EventCountry "NCA"]
[SourceTitle "EXT 2018"]
[Source "ChessBase"]
[SourceDate "2017.10.13"]
[SourceVersion "1"]
[SourceVersionDate "2017.10.13"]
[SourceQuality "1"]

1. e4 c5 2. Nf3 d6 3. d4 cxd4 4. Nxd4 Nf6 5. f3 Nc6 6. c4 a6 7. Nc3 e6 8. Be3 Be7 9. Be2 Bd7 10. Qd2 0-0 11. 0-0 Rc8 12. Rfc1 Ne5 13. b3 Ng6 14. a4 Nh5 15. g3 f5 16. exf5 exf5 17. f4 Nf6 18. Bf3 Qc7 19. a5 Rfe8 20. Nd5 Nxd5 21. Bxd5+ Kh8 22. Ne6 Bxe6 23. Bxe6 Rb8 24. Bxf5 Bf6 25. Bd4 Re2 26. Qxe2 Bxd4+ 27. Kf1 Bxa1 28. Rxa1 Qc6 29. Be4 Qd7 30. Qg2 b5 31. axb6 Rxb6 32. Bc2 Ne7 33. Qa8+ Qc8 34. Qe4 Ng6 35. Re1 Rb8 36. Qe2 Qc6 37. Qh5 Kg8 38. Be4 Qc7 39. Bd5+ Kf8 40. Be6 Qc6 41. Qf5+ 1-0

[Event "Managua Ramirez de Arellano Memorial"]
[Site "Managua"]
[Date "2017.07.23"]
[Round "6"]
[White "Berrios, Natanael"]
[Black "Robles Carballo, Silvio Jose"]
[Result "0-1"]
[WhiteElo "1780"]
[BlackElo "1414"]
[PlyCount "50"]
[EventDate "2017.07.15"]
[EventType "swiss"]
[EventRounds "9"]
[EventCountry "NCA"]
[SourceTitle "EXT 2018"]
[Source "ChessBase"]
[SourceDate "2017.10.13"]
[SourceVersion "1"]
[SourceVersionDate "2017.10.13"]
[SourceQuality "1"]

1. e4 e5 2. f4 d5 3. Nf3 dxe4 4. Nxe5 Nf6 5. Bc4 Be6 6. Bxe6 fxe6 7. 0-0 Bc5+ 8. Kh1 0-0 9. c3 Nc6 10. d4 exd3 11. Nxd3 Bb6 12. Na3 Qd5 13. c4 Qf5 14. Nc2 Rad8 15. Rf3 Ne4 16. Be3 Rxd3 17. Qxd3 Ng3+ 18. Rxg3 Qxd3 19. Bd4 Qxg3 20. hxg3 Nxd4 21. Nb4 Rf6 22. Nd3 Rh6+ 23. Kg1 Nc2+ 24. c5 Nxa1 25. cxb6 axb6 0-1